K výšinám román

Bibliographic Details
Main Author: Sakse, Anna, 1905-1981 (Author)
Other Authors: Gerasimov, Vsevolod (prekladateľ) (Translator), Klapper, Osvald, 1930-2010 (Bookjacket designer)
Format: Book
Language:Slovak
Russian
Latvian
PhysicalDescription:470 strán 21 cm
Published: Martin Matica slovenská 1952
Edition:Vydanie: 1.
Subjects:

MARC

LEADER 00000cam a2200000 a 4500
001 vtls008395199
003 SK-MaSNL
005 20260302085427.0
008 230403s1952 xo gr 000 f slo
015 |a SNBA19451955-010487 
020 |q (viazané) 
035 |a SK01SNKBKSFS20010087416 
035 |a urn:nbn:sk:snk-am3i76g 
035 |a 3D9F728C-CBA1-421A-9071-00662CFF1992 
035 |a urn:nbn:sk:snk-am00dqsp 
035 |a SKM000089879 
040 |a SNK  |b slo  |c SNK  |e AACR2 
041 1 |a slo  |h rus  |h lav 
044 |a xo  |c SK 
080 |a 888.3  |2 1981 
100 1 |a Sakse, Anna,  |d 1905-1981  |4 aut  |9 755695 
240 1 0 |a V goru  |l Slovensky 
245 1 0 |a K výšinám  |b román  |c Anna Sakse ; z ruskej predlohy "V goru" perevod s latyšskogo preložil Vsevolod Gerasimov 
250 |a Vydanie: 1. 
260 |a Martin  |b Matica slovenská  |c 1952  |e Banská Bystrica  |f Stredoslovenské tlačiarne 
300 |a 470 strán  |c 21 cm 
366 |e 4400 kusov 
655 7 |a lotyšské romány  |2 SNKPH  |9 64590 
700 1 |a Gerasimov, Vsevolod  |c (prekladateľ)  |4 trl  |9 309276 
700 1 |a Klapper, Osvald,  |d 1930-2010  |4 bjd  |9 174733 
700 1 |a Jesenská, Zora,  |d 1909-1972  |4 red  |9 37015 
852 |a Slovenská národná knižnica 
954 |a beletria cudzojazyčná (svetová)  |2 lita 
958 |a EUIPO 
958 |a OND 
958 |a RK 
958 |a TL 
958 |a LX 
958 |a UP 
968 |a Slo  |b LETT  |c RUS 
999 |c 1192087  |d 1194017 
952 |t P60, <05>, [BOOK], {605}  |a SNK  |b SNK  |y PREZ  |7 0  |p 17A0390681  |o snkSC 4807 D1  |i snkF 6088/62  |0 0  |1 0  |4 0  |d 2003-08-12  |l 0  |r 2005-01-02 00:00:00  |w 2026-02-24 
952 |a SNK  |b SNK  |y PREZ  |7 0  |p 17A0767776  |o snkSC 4807  |i snk491/53  |0 0  |1 0  |4 0  |d 2011-12-07  |f 1  |l 0  |r 2025-06-25 00:00:00  |w 2026-02-24